July - Noah Cyrus ft. Leon Bridges (All Lyrics) - Statistics

General Stats
  • This quiz has been taken 45 times
  • The average score is 163 of 197
Answer Stats
Answer % Correct
a
100%
I,
100%
I
100%
I)
100%
my
100%
So
100%
so
100%
the
100%
you
100%
You
100%
but
96%
get
96%
I'm
96%
me
96%
of
96%
to
96%
bags,
92%
been
92%
breath
92%
by
92%
counting
92%
holding
92%
I'll
92%
I've
92%
know
92%
leave
92%
on
92%
pack
92%
road
92%
said
92%
stay
92%
tell
92%
ten
92%
Then
92%
afraid
88%
change
88%
not
88%
same
88%
something
88%
better
84%
enough,
84%
every
84%
Find
84%
over
84%
someone
84%
still
84%
that
84%
why
84%
back
80%
can
80%
'Cause
80%
darling,
80%
day
80%
do,
80%
loves
80%
remind
80%
tears
80%
than
80%
we
80%
can't
76%
Guess
76%
that's
76%
and,
72%
And,
72%
baby,
72%
beers
72%
go
72%
Just
72%
things
72%
while
72%
you're
72%
bed
64%
in
64%
move
64%
done
60%
like
60%
lot
60%
who
60%
wrong
60%
Feels
56%
lifetime
56%
If
52%
Loving
52%
one,
52%
tryna
52%
alone
48%
being
48%
dying
48%
inside
48%
throwing
48%
(Oh,
44%
want
44%
we're
36%
all
24%
gives
12%
could
8%
fighting
8%
let
8%
down
4%
keep
4%
ways
4%
No matching quizzes found
Score Distribution
Percent of People with Each Score
Percentile by Number Answered
Your Score History
You have not taken this quiz